| 000 | 01196cab a22002535a 4500 | ||
|---|---|---|---|
| 001 | L144673 | ||
| 008 | 080805e20080802xxko f 000 0 eng d | ||
| 035 | _a(Sirsi) u144673 | ||
| 041 | 0 | _aeng | |
| 100 | 1 | _aLal, Hamish | |
| 245 | 0 | 2 | _aA revised structure to ease the cash flow |
| 260 | _c2008 | ||
| 490 |
_aEstates Gazette _v(0830) 2 August 2008, 74-76(2) |
||
| 520 | _aArticle looks at the new Community Empowerment, Housing and Economic Regeneration Bill and the reforms it will bring. A decade since the Housing Grants, Construction and Regeneration Act 1996, the author discusses the need for reform, suggested reforms and associated case law. | ||
| 650 | 2 | 4 | _aGROVEDECK V CAPITAL DEMOLITION LTD |
| 650 | 2 | 4 | _aMELVILLE DUNDAS LTD (IN RECEIVERSHIP) V GEORGE WIMPEY UK LTD |
| 650 | 2 | 4 | _aMIDLAND EXPRESSWAY LTD V CARILLION CONSTRUCTION LTD |
| 650 | 2 | 4 | _aRJT CONSTRUCTING ENGINEERS LTD V DM ENGINEERING |
| 650 | 2 | 4 | _aCOMMUNITY EMPOWERMENT, HOUSING AND ECONOMIC REGENERATION BILL |
| 650 | 2 | 4 | _aHOUSING GRANTS, CONSTRUCTION AND REGENERATION ACT 1996 |
| 651 | 4 |
_aUnited Kingdom _y |
|
| 690 | _aBUILT ENVIRONMENT-CONSTRUCTION MANAGEMENT-BUILDING CONTRACT ADMINISTRATION | ||
| 942 | _n0 | ||
| 999 |
_c80540 _d80540 |
||